| 000 -LEADER |
| fixed length control field |
00427nam a22000977a 4500 |
| 008 - FIXED-LENGTH DATA ELEMENTS--GENERAL INFORMATION |
| fixed length control field |
171216b xxu||||| |||| 00| 0 eng d |
| 100 ## - MAIN ENTRY--AUTHOR'S NAME |
| Author's Name |
Kunze, Albert |
| 245 ## - TITLE STATEMENT |
| Title |
Who's who on the postage stamps of Cuba |
| 260 ## - PUBLICATION, DISTRIBUTION, ETC. (IMPRINT) |
| Place of publication, distribution, etc. |
Washington DC |
| Name of publisher, distributor, etc. |
Pan American Union |
| Date of publication, distribution, etc. |
1943 |
| 650 ## - TOPICAL TERM (Tag) |
| Topical term or geographic name |
Cuba (1873-) | Topical Collecting -- Famous People | Topical Collecting -- History | Biographies | Definitive Issues | Commemorative Issues | Designs | Chronology |